[Event "Leuven op"]
[Site "Leuven"]
[Date "1994.??.??"]
[Round "?"]
[White "Cherniaev, Alexander"]
[Black "De Jong, Joop J"]
[Result "1-0"]
[WhiteElo "2415"]
[BlackElo "1915"]
[PlyCount "81"]
[EventDate "1994.11.??"]
[EventType "swiss"]
[EventRounds "7"]
[EventCountry "BEL"]
[SourceTitle "EXT 2006"]
[Source "ChessBase"]
[SourceDate "2005.11.24"]
[SourceVersion "1"]
[SourceVersionDate "2005.11.24"]
[SourceQuality "1"]

1. e4 c5 2. Nf3 e6 3. d4 cxd4 4. Nxd4 Bc5 5. Nb3 Bb6 6. Bd3 Ne7 7. Nc3 0-0 8. 0-0 Nbc6 9. Kh1 f5 10. f4 fxe4 11. Nxe4 Nf5 12. Qe1 a5 13. a4 Nb4 14. Bd2 Nxd3 15. cxd3 d5 16. Ng5 Qf6 17. Bc3 d4 18. Bxa5 Bxa5 19. Nxa5 Ne3 20. Rf2 e5 21. Ne4 Qa6 22. Nc4 exf4 23. Rc1 Bg4 24. Kg1 Rac8 25. Qb4 Qg6 26. Qxb7 Bf3 27. Nf6+ gxf6 28. Qxf3 Qxd3 29. Rfc2 Qf5 30. Nxe3 dxe3 31. Qe2 Rxc2 32. Qxc2 Qxc2 33. Rxc2 Rd8 34. Kf1 Kg7 35. Ke2 Rd4 36. b3 Kg6 37. Ra2 h5 38. a5 h4 39. h3 Kf5 40. a6 Rd8 41. b4 1-0

[Event "Leuven op"]
[Site "Leuven"]
[Date "1994.??.??"]
[Round "6"]
[White "De Jong, Joop J"]
[Black "Theunissen, Kris"]
[Result "1-0"]
[WhiteElo "1915"]
[BlackElo "2085"]
[PlyCount "43"]
[EventDate "1994.11.??"]
[EventType "swiss"]
[EventRounds "7"]
[EventCountry "BEL"]
[SourceTitle "EXT 2006"]
[Source "ChessBase"]
[SourceDate "2005.11.24"]
[SourceVersion "1"]
[SourceVersionDate "2005.11.24"]
[SourceQuality "1"]

1. e4 e6 2. d4 d5 3. e5 c5 4. c3 Nc6 5. Nf3 Qb6 6. a3 Nge7 7. b4 cxd4 8. cxd4 Nf5 9. Bb2 Bd7 10. g4 Nfe7 11. Nc3 h5 12. g5 Nf5 13. Na4 Qd8 14. Bd3 Be7 15. h4 0-0 16. Nc3 g6 17. Bxf5 gxf5 18. Ne2 Qb6 19. Nf4 a5 20. Nd2 axb4 21. Qxh5 Rfc8 22. g6 1-0